000 00308nam a2200133Ia 4500
008 240624s9999 xx 000 0 und d
041 _aeng
082 _a823 SUR
100 _aSURI MANIL
245 _aAGE OF SHIVA
260 _c2008
_aLondon
_bBloomsbury
300 _a453 : p. : cm. ; 23
365 _cRS
_b20
999 _c11590
_d11590